[Event "Anapa Blitz op"]
[Site "Anapa"]
[Date "2023.10.06"]
[Round "8"]
[White "Shayakbarov, Mark"]
[Black "Ognev, Lev"]
[Result "0-1"]
[WhiteElo "1123"]
[BlackElo "1395"]
[PlyCount "136"]
[EventDate "2023.10.06"]
[EventType "swiss (blitz)"]
[EventRounds "13"]
[EventCountry "RUS"]
[SourceTitle "CBM 216 Extra"]
[Source "ChessBase"]
[SourceDate "2023.11.30"]
[SourceVersion "1"]
[SourceVersionDate "2023.11.30"]
[SourceQuality "1"]

1. d4 d5 2. Nc3 Nf6 3. Bf4 Bf5 4. Nf3 e6 5. e3 Be7 6. Be2 0-0 7. Ne5 Bg6 8. h4 h6 9. Nxg6 fxg6 10. Qd3 Kf7 11. 0-0-0 c5 12. dxc5 Bxc5 13. g4 Bb4 14. Nb1 Ne4 15. Rdf1 Nd7 16. f3 Nec5 17. Qd1 Nb6 18. c3 Nca4 19. h5 Bd6 20. hxg6+ Kg8 21. Bxd6 Qxd6 22. g5 Qe5 23. Qd4 Qxg5 24. f4 Qxg6 25. Rfg1 Qf6 26. Qxf6 Rxf6 27. Kc2 Nc5 28. b4 Ne4 29. Bd3 Nf2 30. Rh2 Nxd3 31. Kxd3 Nc4 32. Ke2 Re8 33. Rg3 e5 34. fxe5 Rxe5 35. Kd3 Nd6 36. Nd2 Rfe6 37. Rhh3 Ne4 38. Nxe4 Rxe4 39. Kd2 Rc4 40. Rh2 Rec6 41. e4 Rxe4 42. Rd3 Re5 43. Rf2 g5 44. a4 Kg7 45. b5 Rf6 46. Rh2 Kg6 47. Rd4 Rf4 48. Rxf4 gxf4 49. Kd3 Re4 50. a5 Ra4 51. Rf2 Kf5 52. Kd2 Rxa5 53. Kd3 Rxb5 54. Kd4 h5 55. Rh2 Kg4 56. Kd3 f3 57. Ke3 Kg3 58. Rd2 h4 59. Rd1 h3 60. Rg1+ Kh2 61. Rg4 Rb3 62. Kxf3 Rxc3+ 63. Kf2 Rc2+ 64. Kf3 Kh1 65. Rh4 h2 66. Kg3 Rg2+ 67. Kf3 Kg1 68. Ke3 h1Q 0-1

[Event "Anapa Rapid op"]
[Site "Anapa"]
[Date "2023.10.04"]
[Round "6"]
[White "Shayakbarov, Mark"]
[Black "Panakhova, Elena"]
[Result "0-1"]
[WhiteElo "1123"]
[BlackElo "1837"]
[PlyCount "168"]
[EventDate "2023.10.03"]
[EventType "swiss (rapid)"]
[EventRounds "11"]
[EventCountry "RUS"]
[SourceTitle "CBM 216 Extra"]
[Source "ChessBase"]
[SourceDate "2023.11.30"]
[SourceVersion "1"]
[SourceVersionDate "2023.11.30"]
[SourceQuality "1"]

1. d4 d5 2. Nc3 Bf5 3. Bf4 a6 4. e3 Nf6 5. Nf3 h6 6. Be2 e6 7. Ne5 Nfd7 8. Bd3 Bxd3 9. Nxd3 Bd6 10. Bg3 Qe7 11. Qd2 0-0 12. 0-0 c5 13. Bxd6 Qxd6 14. dxc5 Nxc5 15. Nxc5 Qxc5 16. Ne2 Nd7 17. Rac1 Qc4 18. b3 Qg4 19. h3 Qg5 20. c4 Nf6 21. cxd5 Nxd5 22. Rfd1 Rad8 23. Qb2 Nb4 24. Rd4 Nd3 25. Qa1 Rxd4 26. Nxd4 Nxc1 27. Qxc1 e5 28. Nf3 Qf5 29. Kh2 e4 30. Nd4 Qe5+ 31. g3 h5 32. h4 g5 33. hxg5 h4 34. Qg1 Kg7 35. Qg2 hxg3+ 36. Qxg3 Rh8+ 37. Kg2 Qxg3+ 38. Kxg3 Kg6 39. Kf4 Rh4+ 40. Kg3 Kxg5 41. a4 a5 42. Kg2 Rh8 43. Kg3 Rg8 44. Kg2 Kf6+ 45. Kf1 Ke5 46. Ke2 Rd8 47. f4+ exf3+ 48. Nxf3+ Kd5 49. Nd4 Ke4 50. Nf3 Rc8 51. Nd2+ Kd5 52. Kd3 f5 53. Nc4 Rc5 54. Nb6+ Ke6 55. Kd4 Rc6 56. Nc4 b6 57. Nd2 Rd6+ 58. Kc3 Kd5 59. Nc4 Rh6 60. Kd3 Kc5 61. Kc3 Rh3 62. Kc2 Kb4 63. Nxb6 Rh2+ 64. Kd3 Kxb3 65. Kd4 Rh6 66. Kc5 Rxb6 67. Kxb6 Kxa4 68. Kc5 Kb3 69. Kd5 a4 70. Ke5 a3 71. Kxf5 a2 72. e4 a1Q 73. e5 Kc4 74. e6 Kd5 75. e7 Qh8 76. Kg6 Qe8+ 77. Kf6 Kd6 78. Kf5 Qxe7 79. Kf4 Qe2 80. Kg5 Qf3 81. Kh6 Qg4 82. Kh7 Ke6 83. Kh8 Kf6 84. Kh7 Qg7# 0-1